Statystyki dla Państwa graniczące z Kolumbią

Kliknij tutaj aby rozwiązać quiz!

Ogólne statystyki

  • Ten quiz został rozwiązany 129 razy
  • Średni wynik to 5 z 5

Statystyki odpowiedzi

DługośćPaństwo% Poprawnych
2050 kmWenezuela
98%
1643 kmBrazylia
96%
590 kmEkwador
95%
1496 kmPeru
92%
225 kmPanama
72%

Rozkład punktacji

Percentyl według liczby udzielonych odpowiedzi

Procent ludzi z każdym wynikiem

Twoja historia wyników

Nie rozwiązałeś tego quizu